Dr Mrs Vandertramp - Statistics

General Stats
  • This quiz has been taken 83 times
  • The average score is 14 of 16
Answer Stats
Hint Answer % Correct
d Devenir
100%
n Naître
100%
a Aller
92%
D Descendre
92%
M Mourir
92%
r Revenir
92%
e Entrer
85%
m Monter
85%
r Rentrer
85%
s Sortir
85%
V Venir
85%
p Partir
77%
r Rester
77%
r Retourner
77%
t Tomber
77%
a Arriver
54%
No matching quizzes found
Score Distribution
Percent of People with Each Score
Percentile by Number Answered
Your Score History
You have not taken this quiz